Selektivní outsourcing

Jedným z charakteristických prvkov telemarketingového trhu je existencia tzv. inhouse callcenter, súčasne s callcentry pracujúcimi na báze outsourcingu. Neustále zbližovanie týchto dvoch foriem. Formy outsourcingu. Pojmové vymedzenie selektívneho outsourcingu, kompletného outsourcingu a business pro...

Ausführliche Beschreibung

Gespeichert in:
Bibliographische Detailangaben
1. Verfasser: Klikarová, Andrea
Format: Buchkapitel
Sprache:Tschechisch
Schlagworte:
Tags: Tag hinzufügen
Keine Tags, Fügen Sie das erste Tag hinzu!

MARC

LEADER 00000naa a2200000 4500
001 r045266
005 20231004100151.4
041 0 |a cze 
044 |a CZ 
245 1 0 |a Selektivní outsourcing  |c Andrea Klikarová 
520 |a Jedným z charakteristických prvkov telemarketingového trhu je existencia tzv. inhouse callcenter, súčasne s callcentry pracujúcimi na báze outsourcingu. Neustále zbližovanie týchto dvoch foriem. Formy outsourcingu. Pojmové vymedzenie selektívneho outsourcingu, kompletného outsourcingu a business process outsourcingu. 
610 2 0 |a outsourcing 
610 2 0 |a marketing 
610 2 0 |a telefón 
610 2 0 |a technológie komunikačné 
610 2 0 |a komunikácia marketingová 
610 2 0 |a služby obchodné 
100 1 |a Klikarová, Andrea